| 000 | 004460000a22001810004500 | ||
|---|---|---|---|
| 001 | 003801 | ||
| 003 | MACL | ||
| 005 | 20150708120024.0 | ||
| 008 | 150708b xxu||||| |||| 00| 0 eng d | ||
| 040 |
_aMACL _cMACL |
||
| 041 | _aEnglish | ||
| 082 | _a320/ANS | ||
| 100 |
_aAnsari, Ali M. _91366 |
||
| 245 |
_aIran _bConrronting _cAli M. Ansari |
||
| 260 |
_aNew Delhi _c2006 _bFoundation, |
||
| 650 |
_aPolitical Science _988 |
||
| 942 |
_k320 _cBK _2ddc |
||
| 999 |
_c15694 _d15694 |
||